Vila, Stará Vinárska, Bratislava
Salvato in:
| Autore principale: | |
|---|---|
| Altri autori: | |
| Natura: | Manoscritto Libro |
| Lingua: | slovacco |
| Pubblicazione: |
2024
|
| Soggetti: | |
| Accesso online: | http://is.stuba.sk/zp/portal_zp.pl?podrobnosti=178810 |
| Tags: |
Nessun Tag, puoi essere il primo ad aggiungerne!!
|
MARC
| LEADER | 00000ntm a22000003a 4500 | ||
|---|---|---|---|
| 001 | stuzp99561 | ||
| 003 | SK-STU | ||
| 005 | 20240608213123.8 | ||
| 007 | ta | ||
| 008 | 150427s2015----xo-----f-mn---000-0-slo-d | ||
| 040 | |a STU |b slo | ||
| 041 | 0 | |a slo | |
| 100 | 1 | |a Puklušová, Denisa |u 051110 |4 aut |U FAD Fakulta architektúry a dizajnu |T FAD Ústav architektúry obytných budov |X 93659 |U A1110 |Y 392 |7 93659 | |
| 242 | 0 | 1 | |a Villa, stará Vinárska, Bratislava |y eng |
| 245 | 1 | 0 | |a Vila, Stará Vinárska, Bratislava |
| 260 | |c 2024 | ||
| 650 | 4 | |a bývanie |2 slo | |
| 650 | 4 | |a vila |2 slo | |
| 650 | 4 | |a výhľad |2 slo | |
| 650 | 4 | |a villa |2 eng | |
| 650 | 4 | |a view |2 eng | |
| 650 | 4 | |a housing |2 eng | |
| 700 | 1 | |a Závodný, Ľubomír |u 051110 |k Z1 |4 ths |U FAD Fakulta architektúry a dizajnu |T FAD Ústav architektúry obytných budov |X 45410 |U A1110 |Y 392 |7 45410 | |
| 856 | 4 | |u http://is.stuba.sk/zp/portal_zp.pl?podrobnosti=178810 | |